书目信息 |
| 题名: |
园林美术教程
|
|
| 作者: | 马云龙 主编 | |
| 分册: | ||
| 出版信息: | 北京 中国农业出版社 2003 |
|
| 页数: | 161页 | |
| 开本: | 26cm | |
| 丛书名: | ||
| 单 册: | ||
| 中图分类: | TU986.1 | |
| 科图分类: | ||
| 主题词: | 园林艺术--绘画--技法(美术)--高等教育--教材 | |
| 电子资源: | ||
| ISBN: | 7-109-08395-0 | |
| 000 | 00834nam0 2200241 450 | |
| 001 | 200805000074 | |
| 005 | 20040402133120.0 | |
| 010 | @a7-109-08395-0@dCNY29.80 | |
| 100 | @a20040227e20062003em y0chiy0110 ea | |
| 101 | 0 | @achi |
| 102 | @aCN@b110000 | |
| 105 | @aa z 000yy | |
| 106 | @ar | |
| 200 | 1 | @a园林美术教程@Ayuan lin mei shu jiao cheng@f马云龙主编 |
| 210 | @a北京@c中国农业出版社@d2003@h2006重印 | |
| 215 | @a161页@c图@d26cm | |
| 300 | @a21世纪农业部高职高专规划教材 园林 园艺 城市规划专业用 | |
| 330 | @a本教程内容包括绘画基础知识、素描、色彩、图案基础知识及美术字、园林设计手绘技法、插花及盆景的基础知识以及欣赏等八章。 | |
| 606 | 0 | @a园林艺术@x绘画@x技法(美术)@x高等教育@j教材 |
| 690 | @aTU986.1@v4 | |
| 701 | 0 | @a马云龙@Ama yun long@c(绘画)@4主编 |
| 801 | 0 | @aCN@c20040405 |
| 905 | @b20653430-32@dTU986.1@eM221 | |
| 园林美术教程/马云龙主编.-北京:中国农业出版社,2003(2006重印) |
| 161页:图;26cm |
| 21世纪农业部高职高专规划教材 园林 园艺 城市规划专业用 |
| ISBN 7-109-08395-0:CNY29.80 |
| 本教程内容包括绘画基础知识、素描、色彩、图案基础知识及美术字、园林设计手绘技法、插花及盆景的基础知识以及欣赏等八章。 |
| ● |
| 相关链接 |
|
|
|
正题名:园林美术教程
索取号:TU986.1/M221
 
预约/预借
| 序号 | 登录号 | 条形码 | 馆藏地/架位号 | 状态 | 备注 |
| 1 | 653430 | 206534302 | 建筑库201/201建筑库 67排2列4层/ [索取号:TU986.1/M221] | 在馆 | |
| 2 | 653431 | 206534311 | 建筑与城市规划学院资料室/101建筑库 89排4列5层/ [索取号:TU986.1/M221] | 在馆 | |
| 3 | 653432 | 206534320 | 建筑库201/201建筑库 67排2列4层/ [索取号:TU986.1/M221] | 在馆 |